• 首页
  • 本馆介绍
  • 公告通知
  • 最新文献
  • 馆藏检索
  • 电子资源
  • 读者导购
  • 参考咨询
  • 我的图书馆
  • 登录
  • 详细信息显示
  • 放入我的书架
  • 预约/预借图书
  • 作者相关作品
  • 分类相关作品
  • 丛书相关作品
  • 出版社相关作品

书目信息

  • 表格格式
  • 工作单格式
  • 卡片格式
题名:
摩托车使用与维修
    
 
作者: 董家康 , 于晓川 编著
分册:  
出版信息: 北京   人民邮电出版社  1988.10
页数: 260页
开本: 20cm
丛书名:
单 册:
中图分类: U483
科图分类:
主题词: 道路--运输--工具
电子资源:
ISBN: 7-115-03851-1
000 00607nam0 2200205 45
001 0312221749
005 20040514082411.7
010    @dCNY5.10@a7-115-03851-1
100    @a20031222d1988 km y0chiy0120 ea
101    @achi
105    @a z 000yy
200 1  @a摩托车使用与维修@AMo Tuo Che Shi Yong Yu Wei Xiu@f董家康,于晓川编著@FDong Jia Kang,Yu Xiao Chuan Bian Zhu
210    @a北京@c人民邮电出版社@d1988.10
215    @a260页@d20cm
606 0  @a道路@x运输@x工具
690    @aU483@v3
701 0  @a董家康@4编著
701 0  @a于晓川@4编著
801    @aCN@bTSTCL@c20031222
905    @dU483@e62@f2@b250069-070
    
    摩托车使用与维修/董家康,于晓川编著.-北京:人民邮电出版社,1988.10
    260页;20cm
    
    
    ISBN 7-115-03851-1:CNY5.10
    
●
相关链接 在E读中查询图书 在五车中查询图书 在当当中查询图书 在豆瓣中查询图书


正题名:摩托车使用与维修     索取号:U483/62         预约/预借

序号 登录号 条形码 馆藏地/架位号 状态 备注
1 0250069   001486779   第三借阅区/ [索取号:U483/62] 在馆    
2 0250070   001486840   第三借阅区/ [索取号:U483/62] 在馆    
3 0250071   001476968   第二样本阅览室/ [索取号:U483/62] 在馆    
唐山师范学院图书馆 欢迎您!
大连网信软件有限公司© 版权所有